000 01531cam a2200373 a 4500
001 crossfire00hagb
003 CaSfIA
005 20210118000432.0
007 cr||||
008 901214s1991 nyu 000 1 eng
010 _a 90027405
040 _aDLC
_cDLC
_dBTCTA
_dYDXCP
_dBAKER
_dTXAPL
_dCaSfIA
020 _a0312851626 :
_c$21.95
020 _a9780312851620
035 _a(OCoLC)22952122
050 0 0 _aPS3558.A3227
_bC76 1991
082 0 0 _a813/.54
_220
100 1 _aHagberg, David.
245 1 0 _aCrossfire /
_h[electronic resource]
_cDavid Hagberg.
250 _a1st ed.
260 _aNew York :
_bT. Doherty Associates,
_cc1991.
300 _a409 p. ;
_c24 cm.
500 _a"A TOR book"--T.p. verso.
520 _aRussian KGB and United States CIA match wits over a Middle East gold shipment.
650 0 _aMcGarvey, Kirk (Fictitious character)
_vFiction.
856 4 1 _uhttp://www.archive.org/details/crossfire00hagb
_zFree eBook from the Internet Archive
856 4 2 _uhttp://www.openlibrary.org/books/OL1868993M
_zAdditional information and access via Open Library
029 1 _aYDXCP
_b192708
029 1 _aNZ1
_b4028741
029 1 _aAU@
_b000007763786
942 _cEB
506 _fНеобхідна авторизація на https://archive.org/ (створення облікового запису безкоштовно)
506 _fНеобхідна авторизація на https://openlibrary.org/ (створення облікового запису безкоштовно)
999 _c485518
_d485518